| 000 | 00610cam a22002411 4500 | ||
|---|---|---|---|
| 001 | sa 67006214 | ||
| 003 | DLC | ||
| 005 | 20260227112404.0 | ||
| 008 | 890802s1966 ii 000 0 gujo | ||
| 010 | _asa 67006214 | ||
| 035 | _a(OCoLC)20115185 | ||
| 040 |
_aDLC _cWaU _dDLC |
||
| 042 | _apremarc | ||
| 043 | _aa-ii--- | ||
| 050 | 0 | 0 |
_aLB775.G22 _bV34 |
| 100 | 1 |
_aVasavada, Indra Umiyashankar, _d1912- |
|
| 245 | 1 | 0 | _aJoī meṃ eka śāḷā. |
| 260 | _c[1966] | ||
| 300 |
_a54 p. _c21 cm. |
||
| 500 | _aIn Gujarati. | ||
| 650 | 0 | _aWardha scheme of education. | |
| 650 | 0 |
_aSchools _zIndia _zGujarat. |
|
| 999 |
_c75771 _d75771 |
||